00600pam a2200193 a 4500001000800000005001700008008004100025020002200066040001800088082002100106100002400127245006600151250001200217260004400229300001900273650002200292650002600314856006600340445046120240206045400.0950217s1995 enka b 001 0 eng  a0415072387 (pbk.) aDLCcDLCdDLC00a306.44220bMAR.1 aMontgomery, Martin.13aAn introduction to language and society /cMartin Montgomery. a2nd ed. aLondon ;aNew York :bRoutledge,c1995. axxix, 272 p. : 0aSociolinguistics. 0aLanguage acquisition.42uhttp://www.loc.gov/catdir/enhancements/fy0648/95007513-d.html